International labour organisation regional office for Asia

Đã lưu trong:
Sonraí Bibleagrafaíochta
Formáid: Leabhar
Teanga:Undetermined
Foilsithe: 1971
Ábhair:
Clibeanna: Cuir Clib Leis
Gan Chlibeanna, Bí ar an gcéad duine leis an taifead seo a chlibeáil!
Thư viện lưu trữ: Trung tâm Học liệu Trường Đại học Cần Thơ
LEADER 00443nam a2200145Ia 4500
001 CTU_105598
008 210402s9999 xx 000 0 und d
082 |a 331.1 
082 |b I.61 
245 0 |a International labour organisation regional office for Asia 
260 |c 1971 
650 |a International labour organisation,Labor and laboring classes 
650 |z Asia 
904 |i Truc 
980 |a Trung tâm Học liệu Trường Đại học Cần Thơ